« Retourner aux résultats de recherche
Je vois des jardins partout
| Auteur principal: | Didier Decoin |
|---|---|
| Support: | Livres |
| Langue: | Francais |
| Genre: |
Roman (gros caractères) |
| Sujets: | |
| Étiquettes: |
Ajouter
Pas de Tags !
|
| LEADER | 00662nam0a2200181 450 | ||
|---|---|---|---|
| 001 | 16847694 | ||
| 010 | |a 978-2-36360-117-9 |b Br. |d 15,6 | ||
| 100 | |a 20120912d2012 u u0frey01 ba | ||
| 101 | 0 | |a fre | |
| 102 | |a FR | ||
| 200 | 0 | |a Je vois des jardins partout |f Didier Decoin | |
| 207 | 1 | |a | |
| 215 | |a 288 p. |d 22 x 15 cm | ||
| 330 | |a L'auteur se souvient des jardins qui l'ont enchanté et bouleversé, qui lui ont appris l'essentiel de la vie. | ||
| 700 | 0 | |a Decoin |b Didier |f 1945-.... |4 70 | |
| 900 | |a Roman (gros caractères) | ||
| 901 | |a Accessible au prêt | ||
| 995 | |a Bibliothèque |c Bibliothèque |f 00156007723018 |h 00156007723018 |k R DEC |o p |q a |r az |e Bibliothèque | ||
